000 00371 a2200157 4500
001 164517
020 _a
040 _cMagnum
100 _aCanto, Eduardo Leite do
240 1 0 _aPlastico: bem superfluo ou mal necessario ?
_lpor
245 1 0 _aPlastico: bem superfluo ou mal necessario ?
362 0 _a1899
440 1 _aModerna
697 _aECOLOGIA
942 _cBK
999 _c164517
_d164517